[Event "BEL-chT 0809"]
[Site "Belgium"]
[Date "2009.03.08"]
[Round "10"]
[White "Orlov, Andrey"]
[Black "Grijp, Peter"]
[Result "1-0"]
[WhiteElo "2521"]
[BlackElo "2078"]
[PlyCount "49"]
[EventDate "2008.10.05"]
[EventType "team-tourn"]
[EventRounds "11"]
[EventCountry "BEL"]
[SourceTitle "EXT 2010"]
[Source "ChessBase"]
[SourceDate "2010.11.25"]
[SourceVersion "1"]
[SourceVersionDate "2010.11.25"]
[SourceQuality "1"]
[WhiteTeam "Wirtzfeld"]
[BlackTeam "Brussels"]
[WhiteTeamCountry "BEL"]
[BlackTeamCountry "BEL"]

1. e4 e5 2. Nf3 Nc6 3. Bc4 Bc5 4. c3 Nf6 5. d4 exd4 6. e5 d5 7. Bb5 Ne4 8. cxd4 Bb4+ 9. Bd2 Nxd2 10. Nbxd2 Bd7 11. 0-0 0-0 12. a3 Bxd2 13. Bxc6 Bh6 14. Bxd7 Qxd7 15. Qd3 Rfe8 16. h3 Re6 17. Nh2 Rb6 18. Ng4 Bf4 19. Rab1 h5 20. Ne3 Rg6 21. Nf5 Re8 22. b4 Ree6 23. Qf3 Rg5 24. Qxf4 Reg6 25. Ng3 1-0

[Event "BEL-chT 0809"]
[Site "Belgium"]
[Date "2008.11.02"]
[Round "3.6"]
[White "Grijp, Peter"]
[Black "Deleyn, Gunter"]
[Result "1-0"]
[WhiteElo "2056"]
[BlackElo "2300"]
[PlyCount "60"]
[EventDate "2008.10.05"]
[EventType "team-tourn"]
[EventRounds "11"]
[EventCountry "BEL"]
[SourceTitle "CBM 127 Extra"]
[Source "ChessBase"]
[SourceDate "2009.01.08"]
[SourceVersion "2"]
[SourceVersionDate "2009.01.28"]
[SourceQuality "1"]
[WhiteTeam "Brussels"]
[BlackTeam "KGRSL"]
[WhiteTeamCountry "BEL"]
[BlackTeamCountry "BEL"]

1. e4 g6 2. d4 Bg7 3. Bc4 d6 4. Ne2 Nc6 5. 0-0 e6 6. Nbc3 Nf6 7. f4 Nxe4 8. Nxe4 d5 9. Bb5 dxe4 10. c3 0-0 11. Be3 Ne7 12. Ng3 a6 13. Bc4 b5 14. Bb3 Bb7 15. Qc2 Nf5 16. Bf2 Nd6 17. Rad1 Bd5 18. Rfe1 Qf6 19. Be3 h5 20. Nf1 Bh6 21. Qf2 Qg7 22. Bc1 Nf5 23. Bc2 Bxa2 24. b3 Nd6 25. Be3 a5 26. Ra1 Bxb3 27. Bxb3 a4 28. Ba2 Qf6 29. Ng3 h4 30. Nf1 Qe7 1-0

[Event "BEL-chT 0809"]
[Site "Belgium"]
[Date "2008.10.19"]
[Round "2.6"]
[White "Roofthoofd, Marcel"]
[Black "Grijp, Peter"]
[Result "1-0"]
[WhiteElo "2243"]
[BlackElo "2056"]
[PlyCount "51"]
[EventDate "2008.10.05"]
[EventType "team-tourn"]
[EventRounds "11"]
[EventCountry "BEL"]
[SourceTitle "CBM 127 Extra"]
[Source "ChessBase"]
[SourceDate "2009.01.08"]
[SourceVersion "2"]
[SourceVersionDate "2009.01.28"]
[SourceQuality "1"]
[WhiteTeam "Bredene"]
[BlackTeam "Brussels"]
[WhiteTeamCountry "BEL"]
[BlackTeamCountry "BEL"]

1. e4 e5 2. Nf3 Nc6 3. c3 d5 4. Qa4 dxe4 5. Nxe5 Bd7 6. Nxd7 Qxd7 7. Qxe4+ Be7 8. d4 Nf6 9. Qf3 0-0 10. Bd3 Rad8 11. 0-0 h6 12. Nd2 Ne8 13. Bf5 Qd6 14. Nc4 Qf6 15. Be4 Nxd4 16. cxd4 Qxd4 17. Ne3 Nd6 18. Nf5 Nxf5 19. Qxf5 g6 20. Qf3 Bb4 21. Bxh6 Rfe8 22. Bxb7 Rd6 23. Rad1 Qc4 24. Bd5 Rxd5 25. Qxd5 Qe2 26. Qd4 1-0